| 000 | 00553nam a22001697a 4500 | ||
|---|---|---|---|
| 005 | 20240429153612.0 | ||
| 008 | 240429b |||||||| |||| 00| 0 eng d | ||
| 020 | _a9781617292736 | ||
| 082 |
_a005.133 _b SAU-F |
||
| 100 | _asaumont, Pierre-Yves | ||
| 245 |
_aFunctional programming in java : _bHow functional techniques improve your java programs / _cPierre-Yves Saumont |
||
| 260 |
_aIndia: _bMnning: _c2017. |
||
| 300 |
_axx, 452 p. : _bill; _c24 cm. |
||
| 500 | _ainclude index. | ||
| 650 | _acomputer science/Java programming language | ||
| 999 |
_c35632 _d35632 |
||